Statistics for The Clues are in German #2

Click here to take the quiz!

General Stats

  • This quiz has been taken 74 times
  • The average score is 11 of 16

Answer Stats

HintAnswer% Correct
Welcher Schwimmer gewann 28 und damit die meisten olympischen Medallien?Michael Phelps
88%
An welcher Universität wurde Facebook gegründet?Harvard
84%
In welchem Shakespeare-Stück geht es unter anderem um "Sein oder Nichtsein"?Hamlet
81%
Welcher ehemalige US-Gouverneur ist für seinen österreichischen Akzent bekannt?Arnold Schwarzenegger
80%
Einziges kommunistisches Land NordamerikasKuba
75%
Wie heißt die größte Stadt Nigerias?Lagos
75%
Er komponierte die "Ode an die Freude"Ludwig van Beethoven
73%
Wer krönte sich selbst zum französischen Kaiser?Napoleon Bonaparte
70%
Wer ist in der griechischen Mythologie der Gott des Meeres?Poseidon
69%
Wie heißt der höchste Berg der Alpen?Mont Blanc
63%
In welcher Religion werden Kühe als heilig verehrt?Hinduismus
61%
Welcher Lagerfeuer-Snack besteht aus Crackern, Schokolade und Marshmallows?S'more
56%
Was ist die "Grüne Insel"?Irland
53%
Wofür steht das P im Akronym WASP?Protestant
48%
Welches ist, neben "der Pfähler" (Țepeș), der bekannteste Beiname von Vlad III.?Dracula
45%
Altrömisches Gewand, das gern auf College-Parties getragen wirdToga
33%

Score Distribution

Percentile by Number Answered

Percent of People with Each Score

Your Score History

You have not taken this quiz